000 01284nam a22002777a 4500
003 OSt
005 20230130093932.0
007 cr ||||||a|c|a
008 230127s mx ao||fom||| 001 0 spa d
040 _erda
100 1 _9185903
_aGonzález Amezcua, Rocio Montserrat
245 1 _aSaberes socialmente reproducidos por pequeños productores pecuarios de la Red Campesina Agroecológicos Tierra del Sur S C de P R de R L de C V:
_bperspectiva de cadena de suministro /
_cRocio Monserrat González Amezcua; director de tesis Ezequiel Arvizu Barrón
264 1 _aChapingo, México :
_bEl autor,
_c2020
300 _a1 recurso en línea (197 páginas).
336 _2rdacontent
_atexto
_btxt
337 _2rdamedia
_acomputadora
_bc
338 _2rdacarrier
_arecurso en línea
_bcr
502 _bMCSR
_cSociología
_d2020
_gMAE
504 _aIncluye referencias bibliográficas: páginas 159-170
650 4 _944879
_aGanadería cooperativa
_xPuebla
650 4 _9145087
_aCondiciones agroecológicas
650 4 _945104
_aGanado de carne
_xProducción
700 1 _97804
_aArvizu Barrón, Ezequiel
_eDirector de tesis
856 _uhttp://10.13.5.2/tesis/tm/2020_SR_Gonzalez_Amezcua_RocioMontserrat.pdf
_zDESCARGAR PDF
942 _2Clasificación Universidad Autónoma Chapingo
_cTD
999 _c218174
_d218174